Normal view
MARC view
- الإدارة -- مصطلحات -- الإنترنت -- معاجم -- الإدارة -- معاجم
Entry Topical Term
001 - CONTROL NUMBER
- control field: 30277
003 - CONTROL NUMBER IDENTIFIER
- control field: JO-AjAnu
005 - DATE AND TIME OF LATEST TRANSACTION
- control field: 20230606075117.0
008 - FIXED-LENGTH DATA ELEMENTS
- fixed length control field: 230606|| aca||aabn | a|a d
040 ## - CATALOGING SOURCE
- Original cataloging agency: JO-AjAnu
- Transcribing agency: JO-AjAnu
150 ## - HEADING--TOPICAL TERM
- Topical term or geographic name entry element: الإدارة -- مصطلحات -- الإنترنت -- معاجم -- الإدارة -- معاجم
670 ## - SOURCE DATA FOUND
- Source citation: Work cat.: (JO-AjAnu)15551: يونس، طارق شريف , author 30276, معجم مصطلحات العلوم الإدارية والمحاسبية والإنترنت: إنكليزي - عربي (مع مسرد عربى)